| 000 | 00846nam a22002417a 4500 | ||
|---|---|---|---|
| 001 | sjds170106 | ||
| 003 | sjds | ||
| 005 | 20170626154934.0 | ||
| 008 | 170626b nz||||| |||| 00| 0 spa d | ||
| 020 | _a157257030X (pbk.) | ||
| 020 | _a9781572570306 (pbk.) | ||
| 040 | _csjds | ||
| 041 | _aspa | ||
| 100 | _aLa Mann, Angela | ||
| 245 |
_aHas visto al jabali que anda por aqui? / _cexcrito por Angela La Mann ; illustrado por Craig Brown ; disenado por Pat Madorin. |
||
| 260 |
_aAuckland, N.Z. : _bShortland Publications ; _aCrystal Lake, IL : _bDistributed in the Unites States by Rigby, _c1995. |
||
| 300 |
_a16 pages : _bcolor illustrations ; _c16 cm. |
||
| 490 | _aLiteratura 2000 | ||
| 526 |
_aLiteratura 2000 _cNivel 5 |
||
| 650 |
_aReaders (Primary) _vSpanish language |
||
| 700 | 1 |
_aBrown, Craig McFarland _eillus. |
|
| 942 | _cBK | ||
| 999 |
_c17742 _d17742 |
||